banner-ar

خمسون سنه سينما . / (Record no. 35064)

MARC details
000 -الفاتح
حقل البيانات ثابتة الطول 00757nam a2200229Ia 4500
008 - عناصر البيانات ثابتة الطول - معلومات عامة
حقل البيانات ثابتة الطول 140319s9999 xx 000 0 ara d
040 ## - مصدر الفهرسة
وكالة الفهرسة الأصلية GCL /
وكالة النسخ GCL
082 04 - رقم تصنيف ديوى العشرى
رقم التصنيف 791.435
رقم المادة ع خ
100 1# - المدخل الرئيسى - إسم شخصى
الإسم الشخصى عبدالله احمد عبدالله
245 10 - بيان العنوان
العنوان خمسون سنه سينما . /
بيان المسئوليه,etc عبدالله احمد عبدالله
260 ## - PUBLICATION, DISTRIBUTION, ETC. (IMPRINT)
تاريخ النشر أو التوزيع 1985
300 ## - الوصف المادى
التعداد 150 ص
490 ## - بيان السلسلة
عنوان السلسلة
650 04 - المدخل الاضافى بالموضوع-مصطلح موضوعى
مصطلح موضوعي الافلام السينمائية
650 04 - المدخل الاضافى بالموضوع-مصطلح موضوعى
مصطلح موضوعي الاخراج السينمائى
650 04 - المدخل الاضافى بالموضوع-مصطلح موضوعى
مصطلح موضوعي الممثلون والممثلات
650 04 - المدخل الاضافى بالموضوع-مصطلح موضوعى
مصطلح موضوعي السينمائيون المصريون
650 04 - المدخل الاضافى بالموضوع-مصطلح موضوعى
مصطلح موضوعي الانتاج السينمائى
650 04 - المدخل الاضافى بالموضوع-مصطلح موضوعى
مصطلح موضوعي التمثيل فى السينما
942 ## - عناصر المدخل الإضافي( كوها)
مصدر التصنيف او مخطط الترفيف Dewey Decimal Classification
Koha [default] item type كتاب
260 ## - PUBLICATION, DISTRIBUTION, ETC. (IMPRINT)
-- [S.N] :
-- مكتبة مصر ،
Holdings
حالة التراجع حالة الفقد حالة تلف ليس للاعارة المكان المؤقت الموقع الحالى تاريخ الاكتساب اجمالي اﻻعارات رقم الطلب الباركود تاريخ اخر مشاهدة تاريخ تفعيل السعر نوع وعاء كوها
        مكتبة القاهرة الكبرى مكتبة القاهرة الكبرى 03/26/2014   791.435\ع خ 85191 03/26/2014 03/26/2014 كتاب
        مكتبة القاهرة الكبرى مكتبة القاهرة الكبرى 03/26/2014   791.435\ع خ 85192 03/26/2014 03/26/2014 كتاب

Powered By

EGPV